Slower than a slug / (Record no. 341111)
[ view plain ]
| 000 -LEADER | |
|---|---|
| fixed length control field | 00600nam a2200253Ia 4500 |
| 003 - CONTROL NUMBER IDENTIFIER | |
| control field | 542 |
| 005 - DATE AND TIME OF LATEST TRANSACTION | |
| control field | 20171206095446.0 |
| 008 - FIXED-LENGTH DATA ELEMENTS--GENERAL INFORMATION | |
| fixed length control field | 170918s9999 xx 000 0 und d |
| 020 ## - INTERNATIONAL STANDARD BOOK NUMBER | |
| International Standard Book Number | 9780531177761 |
| 050 ## - LIBRARY OF CONGRESS CALL NUMBER | |
| Item number | B857 2007 |
| 100 ## - MAIN ENTRY--PERSONAL NAME | |
| Personal name | Brimner, Larry Dane |
| 245 ## - TITLE STATEMENT | |
| Title | Slower than a slug / |
| 245 ## - TITLE STATEMENT | |
| Remainder of title | Slower that a slug / |
| 245 ## - TITLE STATEMENT | |
| Statement of responsibility, etc | Larry Dane Brimner. |
| 260 ## - PUBLICATION, DISTRIBUTION, ETC. (IMPRINT) | |
| Place of publication, distribution, etc | New York : |
| 260 ## - PUBLICATION, DISTRIBUTION, ETC. (IMPRINT) | |
| Name of publisher, distributor, etc | Scholastic, |
| 260 ## - PUBLICATION, DISTRIBUTION, ETC. (IMPRINT) | |
| Date of publication, distribution, etc | 2007 |
| 300 ## - PHYSICAL DESCRIPTION | |
| Extent | 31 pages : |
| 300 ## - PHYSICAL DESCRIPTION | |
| Other physical details | colored illustration ; |
| 300 ## - PHYSICAL DESCRIPTION | |
| Dimensions | 18cm. |
| 440 ## - SERIES STATEMENT/ADDED ENTRY--TITLE | |
| Title | A rookie reader. |
| 500 ## - GENERAL NOTE | |
| General note | 210 |
| 942 ## - ADDED ENTRY ELEMENTS (KOHA) | |
| Source of classification or shelving scheme | Library of Congress Classification |
| Koha item type | Lexile |
| Withdrawn status | Lost status | Damaged status | Home library | Current library | Date acquired | Total Checkouts | Full call number | Barcode | Date last seen | Price effective from | Koha item type |
|---|---|---|---|---|---|---|---|---|---|---|---|
| Stonyhurst Southville International School (Malarayat) | Stonyhurst Southville International School (Malarayat) | 09/18/2017 | LEX B857 2007 | SSISM0183 | 09/18/2017 | 09/18/2017 | Lexile |